000 00618nam a2200241 a 4500
001 nice12345678
003 IN_TiNIC
005 20260116012722.0
008 050524s1985 ausa grp 000 0 eng
020 _a
_c100
082 0 0 _a270
_bHOU
100 _aHouston, Jim
245 _aAccepts of Faith
_b the Churches of the Victorian Council of Churches
260 _aAustralia
_bVictorian Council of Churches
_c1985
300 _a55p
500 _aincludes index and biblioraphy
505 2 _aIndex
650 _aChurch-History
700 1 _aHouston, Jim
902 _bSRS
942 _cBK
999 _c8086
_d8086